[Event "WORLD JUNIOR CHESS CHAMPIONSHIP"]
[Site "PUERTO MADRYN - ARGENTINA"]
[Date "2009.10.22"]
[Round "1"]
[White "Ferreira, Susana Carolina G"]
[Black "Kiran, Manisha Mohanty"]
[Result "0-1"]
[WhiteElo "2159"]
[BlackElo "1741"]

1.d4 Nf6 2.c4 g6 3.Nc3 d5 4.Nf3 Bg7 5.Bf4 O-O 6.e3 c6 7.h3 dxc4 8.Bxc4 b5 9.Bb3
a5 10.a4 b4 11.Nb1 c5 12.Bxb8 Rxb8 13.Nbd2 cxd4 14.Nxd4 Bb7 15.O-O Ne4 16.Nc4 Nc5 17.Ba2
Qd5 18.f3 b3 19.Nb6 Qd8 20.Qc1 Qxb6  0-1

[Event "WORLD JUNIOR CHESS CHAMPIONSHIP"]
[Site "PUERTO MADRYN - ARGENTINA"]
[Date "2009.10.22"]
[Round "1"]
[White "Hattingh Angelique"]
[Black "Amed, Stephanie"]
[Result "0-1"]
[WhiteElo "1790"]
[BlackElo "2159"]

1.e4 e6 2.d4 d5 3.Nd2 c5 4.exd5 Qxd5 5.Ngf3 cxd4 6.Bc4 Qd6 7.O-O Nf6 8.Nb3 Nc6 9.Nbxd4
Nxd4 10.Nxd4 a6 11.Bb3 Qc7 12.c3 Bd6 13.h3 Bd7 14.Qf3 O-O-O 15.Bc2 h6 16.Bd2 Kb8 17.Bd3
e5 18.Nb3 Bc6 19.Qe2 e4 20.Bb1 Bb5 21.c4 Bxc4 22.Qe3 Nd5 23.Qxe4 Bh2+ 24.Kh1 Bxf1
25.Qe1 Bb5 26.g3 Rhe8 27.Qc1 Bxg3 28.fxg3 Qxg3 29.Nd4 Qxh3+ 30.Kg1 Qg4+ 31.Kh1
Qxd4 32.Bc2 Qh4+ 33.Kg1 Re2 34.Be1 Qh2+ 35.Kf1 Qg2#  0-1

[Event "WORLD JUNIOR CHESS CHAMPIONSHIP"]
[Site "PUERTO MADRYN - ARGENTINA"]
[Date "2009.10.22"]
[Round "1"]
[White "Leks, Hanna"]
[Black "Anton, Sarah"]
[Result "1/2-1/2"]
[WhiteElo "2169"]
[BlackElo "1820"]

1.e4 c5 2.Nf3 d6 3.d4 cxd4 4.Nxd4 Nf6 5.f3 a6 6.c4 e6 7.Be2 Qc7 8.O-O Be7 9.Be3
Nc6 10.Nc3 Bd7 11.Qd2 O-O 12.Rfc1 Rab8 13.Rab1 Rfc8 14.b4 Nxd4 15.Bxd4 b6 16.a4 Qd8
17.Bxf6 Bxf6 18.Qxd6 Bxc3 19.Rxc3 Bxa4 20.Qxd8+ Rxd8 21.Ra1 b5 22.c5 Rd2 23.Kf2
Rb2 24.c6 Rc8 25.c7 g6 26.Rac1 Kf8 27.Rc6 Rxb4 28.Rxa6 Rb2 29.Ke1 Ke7 30.e5 Rc2 31.Rxc2
Bxc2 32.Bxb5 Rxc7 33.Ra8 f6 34.Rh8 g5 35.exf6+  1/2-1/2

[Event "WORLD JUNIOR CHESS CHAMPIONSHIP"]
[Site "PUERTO MADRYN - ARGENTINA"]
[Date "2009.10.22"]
[Round "1"]
[White "Bucar, Natasa"]
[Black "Ivakhinova, Inna"]
[Result "0-1"]
[WhiteElo "1972"]
[BlackElo "2249"]

1.e4 c5 2.Nf3 d6 3.d4 cxd4 4.Nxd4 Nf6 5.Nc3 a6 6.Bc4 e6 7.O-O Be7 8.Bb3 b5 9.Qf3
Qc7 10.Qg3 O-O 11.Bh6 Ne8 12.f3 Bd7 13.a3 Nc6 14.Nce2 Na5 15.Rac1 Kh8 16.Be3 Nf6 17.Qf2
Nxb3 18.Nxb3 Rac8 19.Rfd1 d5 20.Bb6 Qc6 21.Na5 Qa8 22.e5 Ng8 23.c4 bxc4 24.Nxc4
Ba4 25.Nd6 Bxd6 26.exd6 Bxd1 27.Rxd1 Nf6 28.b4 Qc6 29.Bc7 Ne8 30.Rc1 Qb5 31.Qc5
Nxd6 32.Bxd6 Rxc5 33.Bxc5 Qxe2 34.Bxf8  0-1

[Event "WORLD JUNIOR CHESS CHAMPIONSHIP"]
[Site "PUERTO MADRYN - ARGENTINA"]
[Date "2009.10.22"]
[Round "1"]
[White "HEREDIA SERRANO, Carla"]
[Black "ZHANG, Xiaowen"]
[Result "0-1"]
[WhiteElo "2152"]
[BlackElo "2391"]

1.e4 e6 2.d4 d5 3.Nd2 Nf6 4.e5 Nfd7 5.Bd3 c5 6.c3 Nc6 7.Ne2 cxd4 8.cxd4 f6 9.Nf4
Nxd4 10.Qh5+ Ke7 11.exf6+ Nxf6 12.Ng6+ hxg6 13.Qxh8 Kf7 14.O-O e5 15.Nb3 Nxb3 16.axb3 e4
17.Bb1 Nh5 18.Be3 Bf5 19.b4 Qc7 20.Ba2 Qe5 21.g3 Rd8 22.Rfd1 Be6 23.Rac1 Be7 24.Qh7
Qxb2 25.Bc5 Bg5 26.Bxd5 Bxd5 27.Bd4 Qxc1 28.Rxc1 Bxc1 29.g4 Nf6 30.Bxf6 Kxf6 31.Qh4+
g5 32.Qh7 Be6 33.Kg2 Rd4 34.Qh8 Bxg4 35.Qf8+ Kg6 36.h3 Bf3+  0-1

[Event "WORLD JUNIOR CHESS CHAMPIONSHIP"]
[Site "PUERTO MADRYN - ARGENTINA"]
[Date "2009.10.22"]
[Round "1"]
[White "Cori Tello, Deysi"]
[Black "Olsarova, Tereza"]
[Result "1-0"]
[WhiteElo "2361"]
[BlackElo "2150"]

1.d4 c5 2.d5 Nf6 3.Bg5 Ne4 4.Bf4 Qb6 5.Qc1 e6 6.dxe6 dxe6 7.Nf3 Nc6 8.e3 Be7 9.Bd3
Nf6 10.Na3 O-O 11.O-O Nb4 12.Be2 Nbd5 13.Be5 Bd7 14.Rd1 Qd8 15.c4 Nb6 16.Nb5 Ne8 17.Qc2
Qc8 18.Nc3 Bc6 19.Bg3 Nd7 20.Ne5 Nxe5 21.Bxe5 f5 22.e4 f4 23.Bg4 Bf6 24.Nd5 Kh8
25.Bxf4 Bd7 26.Nxf6 Nxf6 27.Bf3 Bc6 28.Be5 b6 29.Rd6 Qb7 30.Bxf6 Rxf6 31.e5 Rxf3 32.gxf3
Bxf3 33.Qd3 Rf8 34.Rd8 Qe7 35.Rxf8+ Qxf8 36.Re1 h6 37.Re3 Ba8 38.Rg3 Qc8 39.Qd6
Qb7 40.f3 Qc8 41.Qe7 Qg8 42.Rg2  1-0

[Event "WORLD JUNIOR CHESS CHAMPIONSHIP"]
[Site "PUERTO MADRYN - ARGENTINA"]
[Date "2009.10.22"]
[Round "1"]
[White "Greeff, Melissa"]
[Black "Daulyte, Deimante"]
[Result "1-0"]
[WhiteElo "2081"]
[BlackElo "2307"]

1.e4 e5 2.Nf3 Nc6 3.d4 exd4 4.Nxd4 Nf6 5.Nxc6 bxc6 6.e5 Qe7 7.Qe2 Nd5 8.c4 Ba6 9.b3
O-O-O 10.g3 g5 11.Bb2 Bg7 12.Nd2 Nb4 13.Nf3 c5 14.Bh3 h5 15.Bf5 Rhe8 16.h3 Nc6 17.O-O-O
Nxe5 18.Rhe1 Nc6 19.Qd2 Bxb2+ 20.Qxb2 Qf8 21.Qd2 Re7 22.Qxg5 Rxe1 23.Rxe1 Qh8 24.Kb1 Bb7
25.Qe3 Nd4 26.Nxd4 cxd4 27.Qe5 Qh6 28.Qxd4 Kb8 29.Re7 Qg5 30.Rxf7 Re8 31.Qc3 d6
32.Qa5 Qd8 33.Rd7 Qc8 34.Rxd6 Be4+ 35.Bxe4 cxd6 36.Qb5+ Kc7 37.Qa5+ Kb8 38.Qb5+ Kc7
39.Qc6+ Kb8 40.Qxd6+ Qc7 41.Qxc7+ Kxc7 42.f3 Rg8 43.g4 h4 44.Kc2 Rd8 45.Bd5 Re8
46.Kd2 Kd6 47.f4 Kc5 48.g5  1-0

[Event "WORLD JUNIOR CHESS CHAMPIONSHIP"]
[Site "PUERTO MADRYN - ARGENTINA"]
[Date "2009.10.22"]
[Round "1"]
[White "Soumya, Swaminathan"]
[Black "Motycakova, Monika"]
[Result "1-0"]
[WhiteElo "2297"]
[BlackElo "2038"]

1.e4 e5 2.Nf3 Nc6 3.Bb5 a6 4.Ba4 Nf6 5.O-O Be7 6.d3 b5 7.Bb3 d6 8.a4 Bg4 9.c3 O-O
10.h3 Bd7 11.Nbd2 Na5 12.Bc2 c5 13.Re1 Qc7 14.Nf1 h6 15.g4 Rfe8 16.Ng3 Bf8 17.Nh4
d5 18.Qf3 dxe4 19.dxe4 Nh7 20.Nhf5 Ng5 21.Bxg5 hxg5 22.Ne3 Be6 23.Nd5 Qb7 24.Nf5
c4 25.Kg2 Nc6 26.h4 gxh4 27.Rh1 Ne7 28.Ndxe7+ Bxe7 29.Nxh4 Bg5 30.Nf5 Bxf5 31.Qxf5
f6 32.Rad1 Rad8 33.Rxd8 Rxd8 34.Qe6+ Qf7 35.Rh8+ Kxh8 36.Qxf7 Rd2 37.axb5 axb5 38.Qe8+
Kh7 39.Qh5+ Kg8 40.Qe8+ Kh7 41.Qxb5 Rxc2 42.Qxc4 Rxb2 43.Qd3 Bh4 44.Qh3 g5 45.Qe3
Rc2 46.Kf1 Kg6 47.Ke1 Bxf2+ 48.Qxf2 Rxc3 49.Kd2 Rh3 50.Qf5+ Kf7 51.Qd7+ Kf8 52.Qe6
Rf3 53.Ke2 Rf4 54.Kd3 Rf1 55.Qc8+ Ke7 56.Qc2 Rf3+ 57.Kc4 Rg3 58.Kd5 Kf7 59.Qc7+
Kg6 60.Qc8 Rb3 61.Qg8+ Kh6 62.Ke6 f5 63.Qh8+  1-0

[Event "WORLD JUNIOR CHESS CHAMPIONSHIP"]
[Site "PUERTO MADRYN - ARGENTINA"]
[Date "2009.10.22"]
[Round "1"]
[White "Severiukhina, Zoja"]
[Black "Herrera, Milena"]
[Result "1-0"]
[WhiteElo "2339"]
[BlackElo "2141"]

1.e4 c5 2.Nf3 e6 3.d4 cxd4 4.Nxd4 a6 5.Bd3 Nf6 6.O-O Qc7 7.Qe2 d6 8.c4 g6 9.Nc3
Bg7 10.Nf3 O-O 11.Bf4 Nc6 12.Rac1 Ne5 13.Nxe5 dxe5 14.Be3 Bd7 15.b4 Nh5 16.g3 Rfd8
17.a4 Be8 18.a5 Qe7 19.b5 f5 20.Bb6 Rdc8 21.bxa6 bxa6 22.c5 Bh6 23.Rcd1 Rxc5 24.Bxc5
Qxc5 25.Bc4 Ng7 26.Nb1 Qxa5 27.Rd6 Qb4 28.Rfd1 Ba4 29.Rd8+ Rxd8 30.Rxd8+ Kf7 31.Qd3
Qe1+ 32.Kg2 Bc6 33.Nc3 fxe4 34.Qd6 e3+ 35.Qxc6 Qxf2+ 36.Kh3 g5 37.Bxe6+ Nxe6 38.Qe8+
Kg7 39.Rd7+ Kf6 40.Rf7+  1-0

[Event "WORLD JUNIOR CHESS CHAMPIONSHIP"]
[Site "PUERTO MADRYN - ARGENTINA"]
[Date "2009.10.22"]
[Round "1"]
[White "Jorquera Cabello, Valentina"]
[Black "Paikidze, Nazi"]
[Result "0-1"]
[WhiteElo "1997"]
[BlackElo "2279"]

1.e4 c5 2.Nf3 d6 3.d4 cxd4 4.Nxd4 Nf6 5.Nc3 a6 6.Bg5 Nc6 7.Qd2 e6 8.O-O-O Be7 9.f4
Nxd4 10.Qxd4 b5 11.e5 dxe5 12.Qxe5 Qb6 13.f5 O-O 14.Be2 Ng4 15.Bxg4 Bxg5+ 16.Kb1 Bf6
17.Qe4 Bb7 18.Qe1 exf5 19.Bxf5 g6 20.Bd7 Bg7 21.Nd5 Qc5 22.Qe7 Qxe7 23.Nxe7+ Kh8
24.Nc6 a5 25.Rhg1 Ra6 26.Ne7 Rb6 27.g3 b4 28.Rge1 h5 29.Rd3 Rd8 30.Rf1 Be4 31.Rd2
f5 32.Bxf5 Rxd2 33.Bxe4 Kh7 34.Nxg6 Rxg6 35.Bxg6+ Kxg6 36.h4 Rg2 37.a3 Rxg3 38.a4
Rg4 39.Rd1 Rxh4 40.Rd5 Rh1+ 41.Ka2 h4  0-1

[Event "WORLD JUNIOR CHESS CHAMPIONSHIP"]
[Site "PUERTO MADRYN - ARGENTINA"]
[Date "2009.10.22"]
[Round "1"]
[White "Mikadze, Miranda"]
[Black "Harini, Sankaran"]
[Result "1/2-1/2"]
[WhiteElo "2317"]
[BlackElo "2109"]

1.e4 c5 2.c3 d5 3.exd5 Qxd5 4.d4 Nf6 5.Nf3 Bg4 6.dxc5 Qxd1+ 7.Kxd1 e5 8.b4 e4 9.h3
Bh5 10.g4 Nxg4 11.hxg4 Bxg4 12.Nbd2 exf3 13.Bd3 Nc6 14.Re1+ Kd7 15.Be4 g6 16.Kc2 Bg7
17.b5 Na5 18.Ba3 Rac8 19.Bb4 b6 20.Nxf3 Rhe8 21.Nd2 Kc7 22.Bxa5 bxa5 23.Nc4 Rxe4
24.Rxe4 Bf5 25.Nd6 Bxe4+ 26.Nxe4 Re8 27.Kd3 Re5 28.Rb1 f5 29.Nd6 Bf8 30.b6+ axb6
31.cxb6+ Kb8 32.Nb5 Kb7 33.c4 Bc5 34.Nd4 Bxb6  1/2-1/2

[Event "WORLD JUNIOR CHESS CHAMPIONSHIP"]
[Site "PUERTO MADRYN - ARGENTINA"]
[Date "2009.10.22"]
[Round "1"]
[White "Umudova, Nargiz"]
[Black "Mendoza Velazquez, Lorena Alejandra"]
[Result "1-0"]
[WhiteElo "2254"]
[BlackElo "1973"]

1.e4 c5 2.Nf3 d6 3.d4 cxd4 4.Nxd4 Nf6 5.Nc3 g6 6.Be2 Bg7 7.O-O O-O 8.Re1 Nc6 9.Nb3
Be6 10.Bg5 h6 11.Bh4 a6 12.Bf1 b5 13.Nd5 Nd7 14.c3 g5 15.Bg3 Nde5 16.h4 Bg4 17.f3
Bh5 18.hxg5 hxg5 19.a4 Rb8 20.axb5 axb5 21.Nd4 Nxd4 22.cxd4 Nc6 23.Bf2 e6 24.Nc3
b4 25.Nb5 d5 26.e5 f6 27.Ra6 Qd7 28.Qd2 Ra8 29.Rea1 Rxa6 30.Rxa6 Be8 31.Nd6 Nb8
32.Rb6 Qc7 33.Rb7 Qd8 34.Nxe8 Qxe8 35.exf6 Bxf6 36.Qxb4 Nc6 37.Qc5 Ne7 38.Bd3 Qc8
39.Rc7 Qd8 40.b4 Rf7 41.b5 Kg7 42.b6 e5 43.b7 Rf8 44.dxe5  1-0

[Event "WORLD JUNIOR CHESS CHAMPIONSHIP"]
[Site "PUERTO MADRYN - ARGENTINA"]
[Date "2009.10.22"]
[Round "1"]
[White "Fernández, Florencia"]
[Black "De León, Patricia"]
[Result "1/2-1/2"]
[WhiteElo "2159"]
[BlackElo "1741"]

1.d4 e6 2.c4 Nf6 3.Nc3 d5 4.Nf3 Be7 5.Bg5 O-O 6.e3 h6 7.Bh4 b6 8.Bd3 Bb7 9.O-O Nbd7
10.Rc1 c5 11.cxd5 Nxd5 12.Bg3 Rc8 13.Nb5 N7f6 14.Ne5 cxd4 15.Nxd4 Bc5 16.a3 Nd7
17.Nef3 Re8 18.Bb5 a6 19.Bxd7 Qxd7 20.Ne5 Qe7 21.Qe2 a5 22.Rfd1 Nf6 23.Nb3 Bd5
24.Nxc5 Rxc5 25.Bh4 g5 26.Bg3 Rec8 27.Rxc5 Rxc5 28.Qa6 Qb7 29.Qxb7 Bxb7 30.Rd8+
Kh7 31.h3 Bd5 32.Rb8 Rb5 33.Rc8 Rxb2 34.Rc7 Ne4 35.Kh2 h5 36.Rxf7+ Kg8 37.f3 Nd2
38.Kg1 Rb1+ 39.Kf2 Bc4 40.Nxc4 Nxc4 41.Rb7 Rb2+ 42.Kg1 Nxe3 43.Bf2 Rb1+ 44.Kh2
Nf1+ 45.Kg1 Ne3+ 46.Kh2 Nf1+ 47.Kg1 {1/2-1/2 Fernández,F (2159)-De León ,P (1741)/Juniors
World Chess Championship 2009 2009}  1/2-1/2

[Event "WORLD JUNIOR CHESS CHAMPIONSHIP"]
[Site "PUERTO MADRYN - ARGENTINA"]
[Date "2009.10.22"]
[Round "1"]
[White "Congiu, Mathilde"]
[Black "Paulete, Iozefina"]
[Result "1/2-1/2"]
[WhiteElo "2149"]
[BlackElo "2342"]

1.e4 c5 2.c3 Nf6 3.e5 Nd5 4.Nf3 Nc6 5.d4 cxd4 6.cxd4 d6 7.Bc4 e6 8.O-O Be7 9.Qc2
O-O 10.Nc3 Nxc3 11.bxc3 dxe5 12.dxe5 Qa5 13.Qe4 Qxc3 14.Rb1 Rd8 15.Be3 Qa5 16.Rfc1 Qc7
17.h3 Bd7 18.Bd3 g6 19.Bc5 Be8 20.Bxe7 Qxe7 21.Nh2 Rd4 22.Qe2 Rad8 23.Rc3 Nb4 24.Be4
Rd2 25.Qf3 h5 26.Rcb3 Nxa2 27.Nf1 R2d4 28.Rxb7 Qc5 29.Qf6 Nc3 30.Bxg6 Qf8 31.Bxh5
Nxb1 32.Rxb1 Qg7 33.Rb3 Qxf6 34.exf6 Rd3 35.Rb4 R8d4 36.Rb8 Rd8 37.Rb7 R3d5  1/2-1/2

[Event "WORLD JUNIOR CHESS CHAMPIONSHIP"]
[Site "PUERTO MADRYN - ARGENTINA"]
[Date "2009.10.22"]
[Round "1"]
[White "Hayrapetyan, Anna"]
[Black "Flores, Nancy"]
[Result "1-0"]
[WhiteElo "2212"]
[BlackElo "1927"]

1.e4 c5 2.Nc3 d6 3.g3 g6 4.Bg2 Bg7 5.d3 e6 6.f4 Ne7 7.Nf3 Nbc6 8.Be3 Qa5 9.O-O Bxc3
10.bxc3 Qxc3 11.e5 d5 12.Rb1 Qa5 13.c4 d4 14.Bd2 Qc7 15.Ng5 O-O 16.Ne4 Nf5 17.Qf3
Kg7 18.Nxc5 Nxe5 19.fxe5 Qxc5 20.g4 Qxe5 21.gxf5 exf5 22.Rfe1 Qc7 23.Bf4 Qa5 24.Qd5
Qd8 25.Be5+ Kg8 26.Qxd4 Qh4  1-0

[Event "WORLD JUNIOR CHESS CHAMPIONSHIP"]
[Site "PUERTO MADRYN - ARGENTINA"]
[Date "2009.10.22"]
[Round "1"]
[White "Tjolsen, Katrine"]
[Black "Reginato, Sabrina"]
[Result "1-0"]
[WhiteElo "2178"]
[BlackElo "1880"]

1.d4 Nf6 2.c4 g6 3.Nc3 d5 4.e3 Bg7 5.Qb3 c6 6.Nf3 Qb6 7.Bd3 O-O 8.O-O Bg4 9.Ne5
Be6 10.Qc2 Nbd7 11.c5 Qc7 12.f4 Rfd8 13.Bd2 Ne8 14.Be1 Nf8 15.f5 Bxe5 16.fxe6 Bxh2+ 17.Kh1
Nxe6 18.Qf2 Nf6 19.g3 Bxg3 20.Qxg3 Qxg3 21.Bxg3 Ng4 22.Rae1 h5 23.Bh4 g5 24.Bg3
Ng7 25.Nd1 h4 26.Nf2 Nh6 27.Bh2 g4 28.Bf4 Nh5 29.Bxh6 Ng3+ 30.Kg2 Nxf1 31.Rxf1 g3
32.Nh3 f6 33.Rf4 Kf7 34.Ng5+ Kg8 35.Ne6 Rd7 36.Bg6  1-0

[Event "WORLD JUNIOR CHESS CHAMPIONSHIP"]
[Site "PUERTO MADRYN - ARGENTINA"]
[Date "2009.10.23"]
[Round "2"]
[White "Mendoza Velazquez, Lorena"]
[Black "Gomez, Mary Ann"]
[Result "0-1"]
[WhiteElo "1973"]
[BlackElo "2396"]

1.c4 Nf6 2.Nf3 e6 3.g3 b6 4.Bg2 Bb7 5.O-O Be7 6.Nc3 O-O 7.Re1 d5 8.Ne5 c5 9.d4 Nbd7
10.Nxd7 Qxd7 11.dxc5 bxc5 12.Bg5 d4 13.Bxf6 Bxf6 14.Ne4 Be7 15.Qd2 Rab8 16.b3 f5
17.Ng5 Bxg2 18.Kxg2 e5 19.e4 h6 20.Nh3 f4 21.f3 fxg3 22.hxg3 Rxf3 23.Kxf3 Qxh3
24.Qd3 Rf8+ 25.Ke2 Qh5+ 26.Kd2 Bg5+ 27.Kc2 Rf2+ 28.Kb1 Qh2  0-1

[Event "WORLD JUNIOR CHESS CHAMPIONSHIP"]
[Site "PUERTO MADRYN - ARGENTINA"]
[Date "2009.10.23"]
[Round "2"]
[White "Harini, Sankaran"]
[Black "Fernandez, Florencia"]
[Result "1-0"]
[WhiteElo "2109"]
[BlackElo "2159"]

1.e4 d6 2.d4 Nf6 3.Nc3 g6 4.f4 Bg7 5.Nf3 O-O 6.Bd3 Nc6 7.O-O e5 8.fxe5 dxe5 9.d5
Nd4 10.Nxe5 Nxe4 11.Bxe4 Bxe5 12.Bf4 Bg7 13.Qd2 c6 14.Rae1 f5 15.Bf3 Qb6 16.Kh1
Qxb2 17.Be5 Bxe5 18.Rxe5 Nb5 19.Re7 Qxc3 20.Qh6 Qh8 21.dxc6 Nc3 22.cxb7 Bxb7 23.Bxb7
Rad8 24.Ba6 Nd5 25.Bc4 f4 26.Rfe1 a5 27.R7e5 f3 28.gxf3 Qf6 29.Qe3 Qd6 30.Qd4 Rf5
31.Rxf5 gxf5 32.Rd1  1-0

[Event "WORLD JUNIOR CHESS CHAMPIONSHIP"]
[Site "PUERTO MADRYN - ARGENTINA"]
[Date "2009.10.23"]
[Round "2"]
[White "Amed, Stephanie"]
[Black "Severiukhina, Zoja"]
[Result "1-0"]
[WhiteElo "2159"]
[BlackElo "2339"]

1.e4 c5 2.Nf3 d6 3.d4 cxd4 4.Nxd4 Nf6 5.Nc3 Nc6 6.Bg5 e6 7.Qd2 Be7 8.O-O-O a6 9.f4
Nxd4 10.Qxd4 b5 11.Be2 Bb7 12.Bxf6 Bxf6 13.Qb4 Be7 14.f5 Qc8 15.Bg4 exf5 16.exf5
Qc5 17.Qxc5 dxc5 18.Rhe1 Rd8 19.Ne4 O-O 20.Bf3 Ba8 21.Kb1 c4 22.Nd2 Bg5 23.Ne4
Bf4 24.h3 Rfe8 25.Rxd8 Rxd8 26.c3 Kf8 27.Kc2 Re8 28.Re2 h5 29.Kd1 h4 30.Nd2 Bxf3
31.Nxf3 Rxe2 32.Kxe2 Bg3 33.Ke3 Ke7 34.Ke4 Kd6 35.Ng5 f6 36.Nf7+ Kc5 37.Nd8 b4
38.Ne6+ Kb5 39.Kd5 bxc3 40.bxc3 Ka4 41.Nc5+ Ka3 42.Nxa6 Be5 43.Kxc4 Kxa2 44.Nb4+
Kb1 45.Nc6 Bg3 46.Kd3 Kc1 47.Nd4 Kd1 48.Ne6 Ke1 49.Ke3 Kd1 50.c4  1-0

[Event "WORLD JUNIOR CHESS CHAMPIONSHIP"]
[Site "PUERTO MADRYN - ARGENTINA"]
[Date "2009.10.23"]
[Round "2"]
[White "Kiran, Manisha Mohanty"]
[Black "Soumya, Swaminathan"]
[Result "0-1"]
[WhiteElo "2153"]
[BlackElo "2297"]

1.e4 c6 2.d4 d5 3.exd5 cxd5 4.c4 Nf6 5.Nc3 e6 6.c5 Be7 7.Bb5+ Bd7 8.Bxd7+ Nbxd7
9.Nf3 Ne4 10.Bf4 Nxc3 11.bxc3 Qa5 12.O-O Rc8 13.Nd2 e5 14.Nb3 Qxc3 15.dxe5 Qb4
16.Bg3 Nxc5 17.Rb1 O-O 18.Nd4 Qa4 19.Qxa4 Nxa4 20.Rxb7 Bc5 21.Nf5 d4 22.h3 Nc3
23.Rb2 d3 24.Rd2 Rfd8 25.Nd6 Bxd6 26.exd6 Ne2+ 27.Kh2 Nxg3 28.Kxg3 Rxd6 29.Rb1
h5 30.Rbd1 Rc3 31.Kf3 Ra3 32.Ke3 Re6+ 33.Kf3 Rea6 34.h4 g6 35.g3 Kg7 36.Rxd3 Rxa2 37.R1d2
Rxd2 38.Rxd2 Ra1 39.Rd6 a5 40.Ra6 a4 41.Kf4 a3  0-1

[Event "WORLD JUNIOR CHESS CHAMPIONSHIP"]
[Site "PUERTO MADRYN - ARGENTINA"]
[Date "2009.10.23"]
[Round "2"]
[White "Paikidze, Nazi"]
[Black "Tjolsen, Katrine"]
[Result "1-0"]
[WhiteElo "2279"]
[BlackElo "2178"]

1.e4 c6 2.d4 d5 3.Nc3 dxe4 4.Nxe4 Nd7 5.Nf3 Ndf6 6.Ned2 Bf5 7.c3 e6 8.Be2 h6 9.Qb3
Qc7 10.Nc4 Nd5 11.Nce5 a5 12.Nh4 a4 13.Qd1 Be4 14.Bh5 g6 15.Qe2 Ngf6 16.Bf3 Bxf3 17.Nhxf3
Bg7 18.O-O O-O 19.Bd2 c5 20.dxc5 Qxc5 21.c4 Ne7 22.Bc3 Rfd8 23.Rfe1 Ra6 24.Rad1
Rad6 25.a3 Nc6 26.Nxc6 Qxc6 27.Ne5 Qc7 28.Rxd6 Rxd6 29.Qc2 Rd8 30.Qxa4 Nd7 31.Nxd7
Bxc3 32.bxc3 Rxd7 33.g3 Rd2 34.Qe8+ Kg7 35.Qb5 Qe7 36.Qe5+ Kh7 37.a4 Qd7 38.Qb5
Qe7 39.Qe5 Qd7 40.a5 Qc6 41.Qf4 Rd7 42.Ra1 Qc5 43.Kg2 Qc6+ 44.Kg1 Qc5 45.Qe4 Kg8
46.Ra2 Qd6 47.Rb2 Qc7 48.Rb6 Kg7 49.Kg2 Kg8 50.Rb5 Qc8 51.Rb4 Qc7 {ilegible}  1-0

[Event "WORLD JUNIOR CHESS CHAMPIONSHIP"]
[Site "PUERTO MADRYN - ARGENTINA"]
[Date "2009.10.23"]
[Round "2"]
[White "Steil-Antoni, Fiona"]
[Black "Umudova, Nargiz"]
[Result "1/2-1/2"]
[WhiteElo "2152"]
[BlackElo "2254"]

1.e4 c5 2.c3 Nf6 3.e5 Nd5 4.d4 cxd4 5.cxd4 Nc6 6.Bc4 Nb6 7.Bb3 d5 8.Nc3 e6 9.Nf3
Be7 10.O-O Bd7 11.a3 Rc8 12.Qd3 a6 13.Bc2 Na7 14.Rd1 Nb5 15.Ne1 Nxc3 16.bxc3 Na4 17.Qg3
g6 18.Rd3 Qc7 19.Bd2 f5 20.exf6 Qxg3 21.Rxg3 Bxf6 22.Rb1 b5 23.Bxa4 bxa4 24.Nd3
Be7 25.Ra1 Rb8 26.Bf4 Rb5 27.Ne5 Rb3 28.c4 dxc4 29.Nxc4 O-O 30.Bg5 Bxg5 31.Rxg5
Rc8 32.Rc5 Rxc5 33.dxc5 Rc3 34.Ne5 Bb5 35.c6 Bxc6 36.Nxc6 Rxc6 37.g3 Kf7 38.Rb1
Rc3 39.Rb7+ Kf6 40.Rxh7 Rxa3 41.Ra7 Ke5 42.Rxa6 Kf5 43.Kg2 Ra2 44.Kf3 Ra3+ 45.Kg2
Ra1 46.Kf3  1/2-1/2

[Event "WORLD JUNIOR CHESS CHAMPIONSHIP"]
[Site "PUERTO MADRYN - ARGENTINA"]
[Date "2009.10.23"]
[Round "2"]
[White "Ivakhinova, Inna"]
[Black "Colombo, Camila"]
[Result "1-0"]
[WhiteElo "2249"]
[BlackElo "2129"]

1.e4 e6 2.d4 d5 3.Nc3 Bb4 4.e5 Ne7 5.a3 Bxc3+ 6.bxc3 b6 7.Qg4 Ng6 8.h4 h5 9.Qg3
Ba6 10.Bxa6 Nxa6 11.Bg5 Qd7 12.Ne2 Qa4 13.Qd3 c5 14.O-O Rc8 15.f4 Nb8 16.f5 Nf8 17.fxe6
fxe6 18.Nf4 Kd7 19.Ng6 Nxg6 20.Qxg6 Rce8 21.Qxg7+ Kc8 22.dxc5 bxc5 23.Rf4 c4 24.Rf2
Nd7 25.Be7 Qa5 26.Bd6 Qb6 27.Kf1 Reg8 28.Qe7 Rh6 29.Rf7 {ilegible}  1-0

[Event "WORLD JUNIOR CHESS CHAMPIONSHIP"]
[Site "PUERTO MADRYN - ARGENTINA"]
[Date "2009.10.23"]
[Round "2"]
[White "De Leon, Patricia"]
[Black "Leks, Hanna"]
[Result "0-1"]
[WhiteElo "1741"]
[BlackElo "2169"]

1.d4 Nf6 2.c4 d6 3.Nc3 Nbd7 4.e4 e5 5.d5 g6 6.f3 Bg7 7.Bg5 a5 8.Qd2 h6 9.Be3 Nc5
10.Nge2 Bd7 11.Nc1 Nh5 12.Nd3 Nxd3+ 13.Bxd3 a4 14.c5 O-O 15.Bb5 Bxb5 16.Nxb5 Qd7
17.Nc3 Kh7 18.O-O-O Rfb8 19.Kb1 dxc5 20.Bxc5 b6 21.Bb4 Nf6 22.Qe2 b5 23.a3 Ne8
24.Na2 Bf6 25.Rc1 Ra6 26.Rc2 Bg5 27.Bc5 Nd6 28.Nb4 Raa8 29.Bxd6 cxd6 30.Nc6 Rb7
31.Qf2 Bd8 32.f4 b4 33.Nxb4 Bb6 34.Qg3 exf4 35.Qxf4 Bc5 36.Rf1 Bxb4 37.axb4 Qb5
38.e5 dxe5 39.Qf6 Qxd5 40.Rcf2 Qe4+ 41.Ka1 a3 42.b3 Qd4+ 43.Ka2 Qxb4  0-1

[Event "WORLD JUNIOR CHESS CHAMPIONSHIP"]
[Site "PUERTO MADRYN - ARGENTINA"]
[Date "2009.10.23"]
[Round "2"]
[White "Padmini, Rout"]
[Black "Bucar, Natasa"]
[Result "1-0"]
[WhiteElo "2331"]
[BlackElo "1972"]

1.e4 c5 2.Nf3 Nc6 3.d4 cxd4 4.Nxd4 Nf6 5.Nc3 e5 6.Ndb5 d6 7.Nd5 Nxd5 8.exd5 Nb8
9.a4 Be7 10.Be2 O-O 11.O-O Nd7 12.Kh1 f5 13.f4 exf4 14.Bxf4 Nc5 15.Be3 Bf6 16.c3
a6 17.Nd4 Bg5 18.Bxg5 Qxg5 19.Bf3 Ne4 20.Bxe4 fxe4 21.Rxf8+ Kxf8 22.Ne6+ Bxe6
23.dxe6 Ke7 24.Qb3 b6 25.Qxb6 Kxe6 26.Rf1 Qc5 27.Qb7 Ra7 28.Qxe4+ Qe5 29.Qc4+ d5
30.Qc6+  1-0

[Event "WORLD JUNIOR CHESS CHAMPIONSHIP"]
[Site "PUERTO MADRYN - ARGENTINA"]
[Date "2009.10.23"]
[Round "2"]
[White "Daulyte, Deimante"]
[Black "Martinez De Negri, M  Agustina"]
[Result "1-0"]
[WhiteElo "2307"]
[BlackElo "1945"]

1.e4 Nc6 2.Nf3 e5 3.Bb5 Bc5 4.O-O Nge7 5.c3 Bb6 6.d4 exd4 7.cxd4 d5 8.exd5 Nxd5
9.Ne5 Qd6 10.Nc3 O-O 11.Nc4 Qd8 12.Ne3 Nf6 13.d5 Ne5 14.Be2 a6 15.b3 Re8 16.h3
Ba7 17.a4 Ng6 18.Nc4 Ne4 19.Nxe4 Rxe4 20.Be3 Bxe3 21.Nxe3 Qg5 22.Qc2 Re7 23.Bg4
Nf4 24.h4 Qh6 25.Bxc8 Rxc8 26.Nf5 Qf6 27.Nxe7+ Qxe7 28.Rfe1 Qxh4  1-0

[Event "WORLD JUNIOR CHESS CHAMPIONSHIP"]
[Site "PUERTO MADRYN - ARGENTINA"]
[Date "2009.10.23"]
[Round "2"]
[White "Martinez, Janine"]
[Black "Heredia Serrano, Carla"]
[Result "0-1"]
[WhiteElo "1948"]
[BlackElo "2152"]

1.d4 Nf6 2.Nf3 g6 3.Bg5 Bg7 4.e3 d6 5.Be2 O-O 6.O-O Nbd7 7.c4 Ne4 8.Bh4 c5 9.Qc2
Ndf6 10.Nc3 b6 11.a3 Bb7 12.b4 Rc8 13.Rab1 cxd4 14.exd4 Nh5 15.Nb5 Nef6 16.Nxa7 Ra8
17.Nb5 Be4 18.Bd3 Bxf3 19.gxf3 Nf4 20.Bg3 N6h5 21.Be4 Qd7 22.Kh1 d5 23.Bd3 dxc4
24.Bxc4 Rac8 25.Rbc1 Bh6 26.a4 Nh3 27.f4 N3xf4 28.Qe4 Nf6 29.Qf3 N4d5 30.Rc2 Nxb4 31.Rc3
Nfd5 32.Bxd5 Nxd5 33.Rb3 Rc6 34.Na7 Rf6 35.Qe4 Re6 36.Qh4 Qxa4 37.Rfb1 g5 38.Qg4
Qxa7 39.Qf5 Qb7 40.Kg1 Rf6 41.Qe4 Qd7 42.Be5 Rg6 43.Rg3 f6 44.Bc7 Nxc7 45.Rxb6 Nd5
46.Re6 Ra8 47.h4 Ra1+ 48.Kh2 Kf7 49.h5 Qxe6 50.hxg6+ hxg6 51.Qc2 Qe1  0-1

[Event "WORLD JUNIOR CHESS CHAMPIONSHIP"]
[Site "PUERTO MADRYN - ARGENTINA"]
[Date "2009.10.23"]
[Round "2"]
[White "Olsarova, Tereza"]
[Black "Anu, Bayar"]
[Result "1-0"]
[WhiteElo "2150"]
[BlackElo "1876"]

1.e4 e5 2.Nf3 Nc6 3.Bb5 a6 4.Ba4 Nf6 5.d3 b5 6.Bb3 Be7 7.a4 Bb7 8.Nc3 b4 9.Nd5 Nxd5
10.Bxd5 Bf6 11.a5 Rb8 12.O-O Na7 13.d4 exd4 14.Bxb7 Rxb7 15.e5 Be7 16.Nxd4 O-O 17.Nf5
Kh8 18.Qg4 g6 19.Bh6 Re8 20.Nxe7 Qxe7 21.Rae1 Nc6 22.Bg5 Qe6 23.Qf4 Ne7 24.Re3
Rbb8 25.Rh3 h5 26.Bf6+ Kh7 27.Qg5 Nf5 28.g4 Nh6 29.Rxh5  1-0

[Event "WORLD JUNIOR CHESS CHAMPIONSHIP"]
[Site "PUERTO MADRYN - ARGENTINA"]
[Date "2009.10.23"]
[Round "2"]
[White "Herrera, Milena"]
[Black "Hattingh, Angelique"]
[Result "1-0"]
[WhiteElo "2141"]
[BlackElo "1790"]

1.e4 c5 2.Nf3 e6 3.d4 cxd4 4.Nxd4 a6 5.Nc3 Qc7 6.Be2 Nf6 7.O-O Be7 8.Be3 O-O 9.f4
d6 10.Kh1 Nc6 11.Qe1 Bd7 12.Qg3 Rfd8 13.Bd3 Nh5 14.Qf3 Nf6 15.Rae1 Nxd4 16.Bxd4
e5 17.fxe5 dxe5 18.Nd5 Qd6 19.Bb6 Rf8 20.Bc7 Qe6 21.Bc4 Rae8 22.Qb3 Qc6 23.Bxe5
Ng4 24.Bg3 Be6 25.Nxe7+ Rxe7 26.Bd5 Qc5 27.c4 Rfe8 28.h3 Nf6 29.Kh2 Qc8 30.Rd1
 1-0

[Event "WORLD JUNIOR CHESS CHAMPIONSHIP"]
[Site "PUERTO MADRYN - ARGENTINA"]
[Date "2009.10.23"]
[Round "2"]
[White "Motycakova, Monika"]
[Black "Ferreira, Susana Carolina G"]
[Result "1-0"]
[WhiteElo "2038"]
[BlackElo "1660"]

1.e4 c5 2.Nf3 d6 3.c3 Nf6 4.Bd3 Nc6 5.Bc2 g6 6.d3 Bg7 7.Nbd2 O-O 8.O-O Qc7 9.Re1
e5 10.h3 Bd7 11.Nf1 b5 12.a3 a5 13.Be3 b4 14.d4 cxd4 15.cxd4 bxa3 16.bxa3 exd4 17.Nxd4
Nxd4 18.Bxd4 Be6 19.f4 Nh5 20.Bxg7 Nxg7 21.Ne3 f5 22.exf5 Nxf5 23.Bxf5 Bxf5 24.Qd5+
Kh8 25.g4 Bd7 26.Qd4+ Kg8 27.Rac1 Qb8 28.Rb1 Qd8 29.Nd5 Rc8 30.Nb6 Rb8 31.Qxd6
Rf7 32.Red1 Rb7 33.Nc4 Qa8 34.Rxb7 Qxb7 35.Ne5 Qa7+ 36.Qd4 Qxd4+ 37.Rxd4 Be6 38.Nxf7
Kxf7 39.Ra4  1-0